|
|
|
|
| LEADER |
01730nam a2200445 a 4500 |
| 001 |
EBC1166481 |
| 003 |
MiAaPQ |
| 005 |
20200520144314.0 |
| 006 |
m o d | |
| 007 |
cr cn||||||||| |
| 008 |
040910s2004 nyu sb 001 0 eng d |
| 010 |
|
|
|z 2004021407
|
| 020 |
|
|
|z 0789027607 (hardcover : alk. paper)
|
| 020 |
|
|
|z 0789027615 (pbk. : alk. paper)
|
| 020 |
|
|
|z 9780789027603
|
| 020 |
|
|
|a 9780203051184 (electronic bk.)
|
| 035 |
|
|
|a (MiAaPQ)EBC1166481
|
| 035 |
|
|
|a (Au-PeEL)EBL1166481
|
| 035 |
|
|
|a (CaPaEBR)ebr10684827
|
| 035 |
|
|
|a (CaONFJC)MIL477249
|
| 035 |
|
|
|a (OCoLC)839690432
|
| 040 |
|
|
|a MiAaPQ
|c MiAaPQ
|d MiAaPQ
|
| 050 |
|
4 |
|a BT103
|b .I45 2005
|
| 082 |
0 |
4 |
|a 231
|2 22
|
| 245 |
0 |
4 |
|a The image of God and the psychology of religion
|h [electronic resource] /
|c Richard Dayringer, David Oler, editors.
|
| 260 |
|
|
|a Binghamton, N.Y. :
|b Haworth Press,
|c c2004.
|
| 300 |
|
|
|a xvii, 119 p.
|
| 490 |
0 |
|
|a American journal of pastoral counseling monographic "separates"
|
| 500 |
|
|
|a "... has been co-published simultaneously as American journal of pastoral counseling, volume 7, number 2 2004."
|
| 504 |
|
|
|a Includes bibliographical references and index.
|
| 533 |
|
|
|a Electronic reproduction. Ann Arbor, MI : ProQuest, 2015. Available via World Wide Web. Access may be limited to ProQuest affiliated libraries.
|
| 650 |
|
0 |
|a God (Christianity)
|
| 650 |
|
0 |
|a Image of God.
|
| 650 |
|
0 |
|a Pastoral counseling.
|
| 655 |
|
4 |
|a Electronic books.
|
| 700 |
1 |
|
|a Dayringer, Richard.
|
| 700 |
1 |
|
|a Oler, David.
|
| 710 |
2 |
|
|a ProQuest (Firm)
|
| 730 |
0 |
|
|a American journal of pastoral counseling.
|
| 856 |
4 |
0 |
|u https://ebookcentral.proquest.com/lib/matrademy/detail.action?docID=1166481
|z Click to View
|